| 000 | 00603nam a22001697a 4500 | ||
|---|---|---|---|
| 003 | MACL | ||
| 005 | 20151030172628.0 | ||
| 008 | 151030b xxu||||| |||| 00| 0 eng d | ||
| 040 | _cMACL | ||
| 041 | _aHindi | ||
| 082 | _a370 | ||
| 100 |
_aअरिहंत _94827 |
||
| 245 | _aमध्यप्रदेश संविदा शाला शिक्षक परीक्षा पात्रता विज्ञान श्रेणी 2 | ||
| 260 |
_aमेरठ _bअरिहंत पब्लिकेशन्स _c2014 |
||
| 650 |
_aशिक्षा _9320 |
||
| 942 |
_2ddc _cHIN |
||
| 999 |
_c50443 _d50443 |
||